• 首页
  • 本馆介绍
  • 公告通知
  • 最新文献
  • 馆藏检索
  • 电子资源
  • 读者导购
  • 参考咨询
  • 我的图书馆
  • 登录
  • 详细信息显示
  • 放入我的书架
  • 预约/预借图书
  • 作者相关作品
  • 分类相关作品
  • 丛书相关作品
  • 出版社相关作品

书目信息

  • 表格格式
  • 工作单格式
  • 卡片格式
题名:
小说四谈
    
 
作者: 阿英 著
分册:  
出版信息: 上海   上海古籍出版社  1981
页数: 246页
开本: 19cm
丛书名:
单 册:
中图分类: I207.4
科图分类:
主题词: 小说-文学研究--中国 , 文学研究-小说--中国
电子资源:
ISBN:
000 00616nam0 2200241 45
001 0181005584
005 20070728090252.42
010    @dCNY0.74
091    @a10186.301
100    @a19950705d1981 em y0chiy0121 ea
101 0  @achi
102    @aCN@b310000
105    @ay z 000yy
200 10 @a小说四谈@Axiao shuo si tan@f阿 英著
210    @a上海@c上海古籍出版社@d1981
215    @a246页@d19cm
606    @a小说-文学研究@y中国
606    @a文学研究-小说@y中国
690    @aI207.4@v3
701  0 @a阿英@Aa ying@4著
801  0 @aCN@b上海图书馆@c20070728
801  2 @aCN@bNLC@c20060912
905    @dI207.4@e114
    
    小说四谈/阿 英著.-上海:上海古籍出版社,1981
    246页;19cm
    
    
    ISBN :CNY0.74
    
●
相关链接 在E读中查询图书 在五车中查询图书 在当当中查询图书 在豆瓣中查询图书


正题名:小说四谈     索取号:I207.4/114         预约/预借

序号 登录号 条形码 馆藏地/架位号 状态 备注
1 0153582   000529583   第二借阅区/ [索取号:I207.4/114] 在馆    
2 0153591   000529574   密集书库/ [索取号:I207.4/114] 在馆    
3 0153592   000529583   第二借阅区/ [索取号:I207.4/114] 在馆    
4 0153593   202446111   第一样本阅览室/ [索取号:I207.4/114] 在馆    
5 0428170   204281703   密集书库/ [索取号:I207.4/114] 在馆    
6 0428290   204282908   密集书库/ [索取号:I207.4/114] 在馆    
7 0443630   204436306   密集书库/ [索取号:I207.4/114] 在馆    
8 0449197   204491978   密集书库/ [索取号:I207.4/114] 在馆    
9 0467938   204679384   密集书库/ [索取号:I207.4/114] 在馆    
10 0467939   204679393   密集书库/ [索取号:I207.4/114] 在馆    
11 0467940   204679400   密集书库/ [索取号:I207.4/114] 在馆    
12 0474949   204749497   密集书库/ [索取号:I207.4/114] 在馆    
13 0786500   207865005   密集书库/ [索取号:I207.4/114] 在馆    
唐山师范学院图书馆 欢迎您!
大连网信软件有限公司© 版权所有